[Event "TUN-ch U20 Girls"]
[Site "Monastir"]
[Date "2021.03.15"]
[Round "3"]
[White "Ben Brahem, Emma"]
[Black "Haouas, Zeineb"]
[Result "0-1"]
[WhiteElo "1174"]
[BlackElo "1334"]
[PlyCount "47"]
[EventDate "2021.03.14"]
[EventType "swiss"]
[EventRounds "9"]
[EventCountry "TUN"]
[SourceTitle "EXT 2022"]
[Source "ChessBase"]
[SourceDate "2021.10.06"]
[SourceVersion "1"]
[SourceVersionDate "2021.10.06"]
[SourceQuality "1"]

1. e4 c5 2. Nf3 e6 3. Nc3 a6 4. d4 cxd4 5. Nxd4 Nc6 6. a3 Nf6 7. Be3 d5 8. exd5 Nxd5 9. Nxc6 bxc6 10. Qd2 Bb7 11. 0-0-0 Qc7 12. Be2 Be7 13. Bf3 a5 14. a4 Ba6 15. h3 Bb4 16. Bxd5 exd5 17. Bd4 0-0 18. Rhe1 h6 19. Re3 Bd6 20. g3 Rab8 21. f4 Qb7 22. Nb1 Bb4 23. Nc3 Rfc8 24. Be5 0-1